Two perfect lies / (Record no. 129589)

MARC details
000 -LEADER
fixed length control field 01630cam a2200445 i 4500
001 - CONTROL NUMBER
control field 1520217589
003 - CONTROL NUMBER IDENTIFIER
control field OCoLC
005 - DATE AND TIME OF LATEST TRANSACTION
control field 20260402160546.0
008 - FIXED-LENGTH DATA ELEMENTS--GENERAL INFORMATION
fixed length control field 260127s2026 ilu d 000 f eng
010 ## - LIBRARY OF CONGRESS CONTROL NUMBER
LC control number 2026003813
020 ## - INTERNATIONAL STANDARD BOOK NUMBER
International Standard Book Number 9781728276038
Qualifying information paperback
020 ## - INTERNATIONAL STANDARD BOOK NUMBER
International Standard Book Number 1728276039
Qualifying information paperback
035 ## - SYSTEM CONTROL NUMBER
System control number (OCoLC)1520217589
040 ## - CATALOGING SOURCE
Original cataloging agency DLC
Language of cataloging eng
Description conventions rda
Transcribing agency DLC
Modifying agency OCLCO
-- TOH
-- CHILD
-- OCLCO
-- IG#
-- ZGY
-- JCX
-- YDX
-- HFU
042 ## - AUTHENTICATION CODE
Authentication code pcc
050 00 - LIBRARY OF CONGRESS CALL NUMBER
Classification number PZ7.R3927
Item number Tw 2026
050 #4 - LIBRARY OF CONGRESS CALL NUMBER
Classification number PS3618.I3346
Item number T86 2026
082 14 - DEWEY DECIMAL CLASSIFICATION NUMBER
Classification number 813/.6
-- [Fic]
Edition number 23/eng/20260323
099 ## - LOCAL FREE-TEXT CALL NUMBER (OCLC)
Classification number YA
-- R5174tw
100 1# - MAIN ENTRY--PERSONAL NAME
Personal name Richards, Natalie D.,
Relator term author.
Relator code aut
-- http://id.loc.gov/vocabulary/relators/aut
9 (RLIN) 55638
245 10 - TITLE STATEMENT
Title Two perfect lies /
Statement of responsibility, etc Natalie Richards.
246 3# - VARYING FORM OF TITLE
Title proper/short title 2 perfect lies.
300 ## - PHYSICAL DESCRIPTION
Extent 338 pages ;
Dimensions 21 cm.
500 ## - GENERAL NOTE
General note "Midnight reads"
520 ## - SUMMARY, ETC.
Summary, etc After an incident that gave her a criminal record, high school junior Clara avoids being shunned when golden-girl Lily befriends her, but Clara soon discovers Lily's plan to frame Clara for future murders, forcing Clara to uncover the truth and clear her name before it is too late.
521 ## - TARGET AUDIENCE NOTE
Target audience note Ages 14
Source Sourcebooks.
521 ## - TARGET AUDIENCE NOTE
Target audience note Grades 10-12
Source Sourcebooks.
650 #0 - SUBJECT ADDED ENTRY--TOPICAL TERM
Topical term or geographic name as entry element Friendship
Form subdivision Fiction.
650 #0 - SUBJECT ADDED ENTRY--TOPICAL TERM
Topical term or geographic name as entry element High schools
Form subdivision Fiction.
650 #0 - SUBJECT ADDED ENTRY--TOPICAL TERM
Topical term or geographic name as entry element Murder
Form subdivision Fiction.
650 #1 - SUBJECT ADDED ENTRY--TOPICAL TERM
Topical term or geographic name as entry element Murder
Form subdivision Fiction.
650 #1 - SUBJECT ADDED ENTRY--TOPICAL TERM
Topical term or geographic name as entry element High schools
Form subdivision Fiction.
650 #1 - SUBJECT ADDED ENTRY--TOPICAL TERM
Topical term or geographic name as entry element Schools
Form subdivision Fiction.
650 #1 - SUBJECT ADDED ENTRY--TOPICAL TERM
Topical term or geographic name as entry element Friendship
Form subdivision Fiction.
655 #7 - INDEX TERM--GENRE/FORM
Genre/form data or focus term Thrillers (Fiction)
Source of term lcgft.
655 #7 - INDEX TERM--GENRE/FORM
Genre/form data or focus term Novels.
Source of term lcgft.
655 #7 - INDEX TERM--GENRE/FORM
Genre/form data or focus term Romans.
Source of term rvmgf
9 (RLIN) 40739
907 ## - LOCAL DATA ELEMENT G, LDG (RLIN)
a .b519756587
942 ## - ADDED ENTRY ELEMENTS (KOHA)
Source of classification or shelving scheme Dewey Decimal Classification
Koha item type Book
Holdings
Withdrawn status Lost status Source of classification or shelving scheme Damaged status Not for loan Home library Current library Shelving location Date acquired Total Checkouts Full call number Barcode Date last seen Cost, replacement price Price effective from Koha item type
  Available Dewey Decimal Classification     Martha's Vineyard High School Library Martha's Vineyard High School Library MYSTERY 04/02/2026   FIC/RIC 39844500071323 04/02/2026 13.00 04/02/2026 Book